000 01935nam0a2200445 4500
001 RU\NLR\bibl\567920
005 20250609164202.0
010 _a5-88297-096-2
_9100
021 _aRU
_b2004-22583
_91143
035 _aRSL-KNO-002425771
035 _a(NLR Aleph) 000560004
090 _a1526370
_c1526370
100 _a20040421d2004 |||y0rusy50 ca
101 0 _arus
102 _aRU
105 _ay |||||||||
106 _ar
200 1 _aОтношения обусловленности уступительного типа в неспециализированных структурах
_fОркина Л.Н.
_gМ-во образования Рос. Федерации, Чуваш. гос. пед. ун-т им. И.Я. Яковлева
210 _aЧебоксары
_cЧГПУ
_d2004
_eУОП УГПУ им. И.Я. Яковлева
215 _a94 с.
_d20
320 _aБиблиогр.: с. 91-94
606 0 _aРусский язык
_xКатегория уступительности
_91545175
_3RU\NLR\auth\66975184
606 0 _aРусский язык
_xГрамматика
_91567837
_3RU\NLR\auth\66986424
606 0 _aРусский язык
_xСемантика
_91559247
_3RU\NLR\auth\66982287
606 0 _aКогнитивная лингвистика
_91523672
_3RU\NLR\auth\66662714
610 0 _aФилософские науки -- Логика -- Логический синтаксис и семантика. Семиотика
610 0 _aобусловленности категория
686 _aШ141.12-2
686 _aШ141.12-70
686 _aШ100.4
700 1 _aОркина
_bЛ. Н.
_gЛюдмила Николаевна
_4070
801 0 _aRU
_bRuMoRKP
_c20040421
_gPSBO
801 1 _aRU
_bRuMoRGB
_c20040421
801 2 _aRU
_bNLR
_c20041028
_gPSBO
830 _aАвт. по кн.
942 _cBOOK
980 _aNB
980 _aNBR